wwe smackdown roster - Statistics

General Stats
  • This quiz has been taken 11 times
  • The average score is 28 of 61
Answer Stats
Hint Answer % Correct
male Cody Rhodes
100%
male Sami Zayn
86%
male Solo Sikoa
86%
female Tiffany Stratton
86%
male Aleister Black
71%
male Angelo Dawkins
71%
female Bianca Belair
71%
male Drew Mcintyre
71%
male Erick Rowan
71%
male Montez Ford
71%
male Randy Orton
71%
male Trick Williams
71%
Female Zelina Vega
71%
female Alexa Bliss
57%
male Bo Dallas
57%
male Carmelo Hayes
57%
female Charlotte flair
57%
female Chelsea Green
57%
male Dexter Lumis
57%
male Jacob Fatu
57%
female Jade Cargill
57%
male Jc Mateo
57%
male Joe Gacy
57%
male Johnny Gargano
57%
female Lash Legend
57%
female Nia Jax
57%
female Nikki Cross
57%
male Roman Reigns
57%
male Talla Tonga
57%
male Tama Tonga
57%
male the Miz
57%
female Alba Fyre
43%
female B-fab
43%
female Candice Lerae
43%
male Ilja Dragunov
43%
male Matt Cardona
43%
female Michin
43%
female Piper Niven
43%
male Rey Fenix
43%
male Shinsuke Nakamura
43%
male Tonga Loa
43%
male Alex Shelley
29%
male Angel
29%
male Axiom
29%
male Chris Sabin
29%
male Damian Priest
29%
male Elton Prince
29%
female Giulia
29%
female Kiana James
29%
male Kit Wilson
29%
male Nathan Frazer
29%
male Nick Aldis
29%
male Apollo Crews
14%
male Berto
14%
female Jordynne Grace
14%
male Mark Nash
14%
male Rtruth
14%
female Cathy Kelley
0%
male Joe Tessitore
0%
male Kevin Owens
0%
male Wade Barrett
0%
No matching quizzes found
Score Distribution
Percent of People with Each Score
Percentile by Number Answered
Your Score History
You have not taken this quiz